Michelle Pfeiffer - Sudden Death - Statistics

General Stats
  • This quiz has been taken 180 times
  • The average score is 7 of 16
Answers on the Grid
Answers color-coded by a green-red scale on the quiz's grid according to % correct below.
Pulp Fiction
Dangerous Liaisons
Frankie and Johnny
The Witches of Eastwick
The Quick and the Dead
Married to the Mob
Never Ending Story
Casino
Batman Returns
The Specialist
Mystic Pizza
Tequila Sunrise
Birds on a Wire
Wolf of Wall Street
Avengers Endgame
Ladyhawke
The Accused
Grease 2
One Fine Day
The Age of Innocence
The Client
Dangerous Minds
Lord of the Rings: the Fellowship of the Ring
What Lies Beneath
Scarface
The Aviator
Gangs of New York
Murder on the Orient Express
Being John Malkovich
The Fabulous Baker Boys
 
Answer Stats
Answer % Correct
Batman Returns
64%
The Witches of Eastwick
63%
Dangerous Liaisons
61%
Scarface
58%
Frankie and Johnny
51%
Dangerous Minds
49%
Grease 2
49%
Married to the Mob
48%
The Fabulous Baker Boys
43%
The Age of Innocence
39%
What Lies Beneath
39%
Ladyhawke
33%
One Fine Day
32%
Tequila Sunrise
31%
Murder on the Orient Express
29%
Avengers Endgame
23%
No matching quizzes found
Score Distribution
Percent of People with Each Score
Percentile by Number Answered
Your Score History
You have not taken this quiz